Schaum's outline of theory and problems of digital signal processing / (Record no. 182748)

000 -LEADER
fixed length control field 01021 a2200253 4500
003 - CONTROL NUMBER IDENTIFIER
control field Nust
005 - DATE AND TIME OF LATEST TRANSACTION
control field 20170207153249.0
010 ## - LIBRARY OF CONGRESS CONTROL NUMBER
LC control number 98043324
020 ## - INTERNATIONAL STANDARD BOOK NUMBER
International Standard Book Number 0070273898
040 ## - CATALOGING SOURCE
Transcribing agency Nust
082 00 - DEWEY DECIMAL CLASSIFICATION NUMBER
Classification number 621.3822
100 1# - MAIN ENTRY--PERSONAL NAME
Personal name Hayes, M. H.
245 10 - TITLE STATEMENT
Title Schaum's outline of theory and problems of digital signal processing /
Statement of responsibility, etc. Monson H. Hayes.
246 3# - VARYING FORM OF TITLE
Title proper/short title Theory and problems of digital signal processing
260 ## - PUBLICATION, DISTRIBUTION, ETC.
Place of publication, distribution, etc. New York :
Name of publisher, distributor, etc. McGraw Hill,
Date of publication, distribution, etc. c1999.
300 ## - PHYSICAL DESCRIPTION
Extent ix, 432 p. :
Other physical details ill. ;
Dimensions 28 cm.
490 0# - SERIES STATEMENT
Series statement Schaum's outline series
500 ## - GENERAL NOTE
General note Includes index.
650 #0 - SUBJECT ADDED ENTRY--TOPICAL TERM
Topical term or geographic name entry element Signal processing
General subdivision Digital techniques
-- Outlines, syllabi, etc.
650 #0 - SUBJECT ADDED ENTRY--TOPICAL TERM
Topical term or geographic name entry element Signal processing
General subdivision Digital techniques
-- Problems, exercises, etc.
856 42 - ELECTRONIC LOCATION AND ACCESS
Materials specified Contributor biographical information
Uniform Resource Identifier <a href="http://www.loc.gov/catdir/enhancements/fy0739/98043324-b.html">http://www.loc.gov/catdir/enhancements/fy0739/98043324-b.html</a>
856 42 - ELECTRONIC LOCATION AND ACCESS
Materials specified Publisher description
Uniform Resource Identifier <a href="http://www.loc.gov/catdir/description/mh023/98043324.html">http://www.loc.gov/catdir/description/mh023/98043324.html</a>
856 42 - ELECTRONIC LOCATION AND ACCESS
Materials specified Table of contents
Uniform Resource Identifier <a href="http://www.loc.gov/catdir/toc/mh022/98043324.html">http://www.loc.gov/catdir/toc/mh022/98043324.html</a>
942 ## - ADDED ENTRY ELEMENTS (KOHA)
Source of classification or shelving scheme
Koha item type Book
Holdings
Withdrawn status Lost status Source of classification or shelving scheme Damaged status Not for loan Collection code Permanent Location Current Location Date acquired Total Checkouts Full call number Barcode Checked out Date last seen Date last checked out Price effective from Koha item type
            Military College of Signals (MCS) Military College of Signals (MCS) 12/12/2016 1 621.3822 HAY MCS28420 12/23/2022 08/25/2022 08/25/2022 12/12/2016 Book
© 2023 Central Library, National University of Sciences and Technology. All Rights Reserved.